000 01151nam a2200241Ia 4500
999 _c53285
_d53285
001 20326
003 GE_BSU
005 20200910210227.0
008 181216s1959||||ge |||||||||||||| ||geo||
040 _cGE_BSU
041 _ageo
080 _a811.353.1(072) + 821.353.1(072) მ-36
245 _aმასწავლებელთა გამოცდილებიდან : ქართული ენა და ლიტერატურა :
_bკრ. 7 /
_cრედ. მ. ჩინჩალაძე.
264 _aთბილისი :
_bცოდნა,
_c1959.
300 _a133 გვ. ;
_c 22 სმ.
490 _a(პედაგოგიური კითხვის სერია)
541 _h42თ.
653 _aქართული ენა და ლიტერატურა
653 _aქართული ენის სწავლების მეთოდიკა
653 _aქართული ლიტერატურის სწავლების მეთოდიკა
700 _aჩინჩალაძე, მ.
_eრედაქტორი
_97311
942 _cBK
_2udc